Reinventing Democracy in Bolivia and Latin America /
Guardado en:
| Hovedforfatter: | |
|---|---|
| Format: | Texto |
| Fag: | |
| Tags: |
Tilføj Tag
Ingen Tags, Vær først til at tagge denne postø!
|
MARC
| LEADER | 00000 a a2200000 04500 | ||
|---|---|---|---|
| 001 | 16297 | ||
| 003 | |||
| 040 | |||
| 100 | |a Salman, Ton | ||
| 245 | |a Reinventing Democracy in Bolivia and Latin America / |c Ton Salman | ||
| 650 | |a DEMOCRACIA | ||
| 650 | |a POLITICA | ||
| 650 | |a CIUDADANIA | ||
| 650 | |a AMERICA LATINA | ||
| 650 | |a BOLIVIA | ||
| 773 | |g número 84; páginas 87-99 | ||
| 999 | |c 23228 |d 23228 | ||
